000 00531nam a2200181Ia 4500
003 OSt
005 20201127115540.0
008 190216s9999||||xx |||||||||||||| ||und||
020 _a9788130000534
040 _coclc
082 _a894.8123
_bPIL/T
100 _aPillai, Thakazhi Shivashankara
_9418
245 0 _aThalayode /
_cThakazhi Shivashankara Pillai
260 _bPoorna Publications,
_c2009.
_aKozhikode:
300 _a72p
650 _aNovel
942 _cBK
_2ddc
_h894.8123
_iPIL/T
_k894.8123
_mPIL/T
999 _c29954
_d29954